000 00754nam a2200229 a 4500
001 25534
003 CO-ViMGA
005 20230915232103.0
008 141112s2004 ck r 000 u spa d
020 _a8466209662
040 _aCO-ViMGA
_bspa
_cCO-ViMGA
082 0 4 _a720.9 R63b
100 1 _aRodríguez Llera, Ramón.
_939005
245 1 0 _aBreve historia de la arquitectura /
_cRamón Rodríguez Llera.
260 _aMadrid :
_bLibsa,
_c2006.
300 _a256 p. : il. ; 30 cm.
504 _aIncluye bibliografía e índice.
650 1 4 _aArquitectura - Historia.
942 _2ddc
_cBK
949 _an n
999 _c33117
_d33117